Matches de l'équipe d'Argentine de rugby à XV (2020 - …). - Statistiques

Statistiques générales
  • Ce quiz a été pris 156 fois
    11 depuis la dernière actualisation
  • Le résultat moyen est 13 sur 16
Statistiques - réponses
Matchs % Correct
4 France
100%
10 Afrique du Sud
90%
5 Angleterre
90%
11 Australie
90%
5 Écosse
90%
2 Italie
90%
12 Nouvelle-Zélande
90%
5 Pays de Galles
90%
1 Roumanie
90%
1 Samoa
90%
1 Chili
80%
2 Irlande
80%
1 Japon
80%
2 Uruguay
80%
1 Espagne
60%
1 Lions Britanniques et Irlandais
50%
Aucun quiz correspondant
Distribution des résultats
% des personnes avec chaque résultat
Percentile par nombre de réponses
Votre historique - résultats
Vous n’avez pas pris ce quiz depuis la dernière actualisation